[Event "Junior Online 4NCL Division 5"]
[Site "online"]
[Date "2021.02.18"]
[EventDate "2021.02.18"]
[Round "3.292"]
[White "Choung, James Alexander"]
[WhiteElo "900"]
[WhiteTeam "Young Dragons D"]
[Black "Sareen, Rohan"]
[BlackElo "1024"]
[BlackTeam "Warwickshire Bears H"]
[Result "0-1"]
[PlyCount "90"]

1. e4 e5 2. Nf3 Nc6 3. Nc3 Nf6 4. d4 exd4 5. Nxd4 Nxd4 6. Qxd4 b6 7. e5 Qe7 8. Nd5 Bb7 9. Nxc7+ Kd8 10. Nxa8 Bxa8 11. Be2 Nh5 12. O-O g6 13. Bxh5 gxh5 14. e6 Rg8 15. Re1 Rxg2+ 16. Kf1 Rxh2 17. exd7 Qxd7 18. Re8+ Kxe8 19. Qe5+ Kd8 20. Qxh2 Qb5+ 21. Kg1 Bb7 22. Qb8+ Bc8 23. Qxa7 Ba6 24. Qxf7 Qf1+ 25. Kh2 Bd6+ 26. Bf4 Qxf2+ 27. Kh3 Qf3+ 28. Kh4 Bxf4 29. Qf8+ Kd7 30. Qf5+ Kd6 31. Qf6+ Kd5 32. Qf5+ Kd4 33. c3+ Ke3 34. Re1+ Kf2 35. Qh3 Bg3+ 36. Qxg3+ Qxg3+ 37. Kxh5 Kxe1 38. Kh6 Qg4 39. Kxh7 Qg5 40. Kh8 Ke2 41. c4 Ke3 42. b4 Ke4 43. b5 Kf5 44. Kh7 Kf6 45. c5 Qg7# 0-1

[Event "Junior Online 4NCL Division 5"]
[Site "online"]
[Date "2021.02.18"]
[EventDate "2021.02.18"]
[Round "3.293"]
[White "Khashu, Rohan"]
[WhiteElo "950"]
[WhiteTeam "Warwickshire Bears H"]
[Black "Dafydd, Cai"]
[BlackElo "900"]
[BlackTeam "Young Dragons D"]
[Result "1-0"]
[PlyCount "33"]

1. e4 e5 2. Nf3 Nc6 3. Nc3 Nf6 4. d4 Bd6 5. dxe5 Nxe5 6. Nxe5 Bxe5 7. Bd2 O-O 8. Bc4 Bd4 9. O-O Re8 10. Bc1 Be5 11. Nd5 Nxd5 12. Qxd5 Qe7 13. Bg5 Bf6 14. Bxf6 gxf6 15. Qh5 Qxe4 16. Qxf7+ Kh8 17. Qxf6# 1-0

[Event "Junior Online 4NCL Division 5"]
[Site "online"]
[Date "2021.02.18"]
[EventDate "2021.02.18"]
[Round "3.294"]
[White "Caesar, Amelie"]
[WhiteElo "653"]
[WhiteTeam "Young Dragons D"]
[Black "Madoc, Gaspard"]
[BlackElo "993"]
[BlackTeam "Warwickshire Bears H"]
[Result "1-0"]
[PlyCount "109"]

1. e4 e5 2. Nf3 Nc6 3. Nc3 Nf6 4. d4 exd4 5. Nxd4 Bc5 6. Nxc6 bxc6 7. Be2 Bb7 8. O-O O-O 9. Re1 Qe7 10. Bf3 Bd6 11. Bg5 Qe5 12. g3 Qxg5 13. a4 Qa5 14. Re3 Be5 15. Qd2 Ba6 16. Rb1 d6 17. b4 Qb6 18. a5 Qb7 19. Rb3 Bc4 20. Rb1 g6 21. Na4 Qc8 22. Nb2 Bb5 23. Qd1 Ng4 24. Bxg4 f5 25. exf5 Bxb2 26. Rxb2 gxf5 27. Bh3 Rf7 28. Re4 c5 29. bxc5 Bc6 30. Rf4 dxc5 31. c4 Qe6 32. Qc1 Rd8 33. Rd2 Rxd2 34. Qxd2 Qh6 35. Rg4+ Rg7 36. Qd8+ Kf7 37. Qxc7+ Kf6 38. Qxc6+ Kf7 39. Qxh6 fxg4 40. Qf4+ Kg8 41. Bxg4 h6 42. Bf5 Rf7 43. Qb8+ Kg7 44. Qe5+ Rf6 45. Qxc5 Rf7 46. Be6 Rf6 47. Qc7+ Kg6 48. Qd7 h5 49. c5 a6 50. c6 Rxe6 51. Qxe6+ Kg7 52. c7 h4 53. c8=Q hxg3 54. Qc7+ Kf8 55. Qec8# 1-0

[Event "Junior Online 4NCL Division 5"]
[Site "online"]
[Date "2021.02.18"]
[EventDate "2021.02.18"]
[Round "3.295"]
[White "Choung, Ava Grace"]
[WhiteElo "950"]
[WhiteTeam "Young Dragons D"]
[Black "Vaidyanathan, Sathya"]
[BlackElo "1088"]
[BlackTeam "Warwickshire Bears H"]
[Result "0-1"]
[PlyCount "72"]

1. e4 e5 2. Nf3 Nc6 3. Nc3 Nf6 4. d4 exd4 5. Nxd4 Nxd4 6. Qxd4 Be7 7. e5 Ng8 8. Bc4 d6 9. exd6 Qxd6 10. Qxg7 Bf6 11. Qxf7+ Kd8 12. Ne4 Qe7 13. Qd5+ Qd7 14. Nc5 Qxd5 15. Bxd5 c6 16. Bxg8 Rxg8 17. Be3 b6 18. O-O-O+ Ke7 19. Ne4 c5 20. Nxf6 Kxf6 21. Rd6+ Ke7 22. Rhd1 Rxg2 23. h4 Bg4 24. Bg5+ Kf7 25. Rd7+ Bxd7 26. Rxd7+ Kg6 27. Rd6+ Kf5 28. Rf6+ Ke5 29. f4+ Kd5 30. Rf5+ Kc6 31. Rf6+ Kb5 32. b3 Rg1+ 33. Kb2 Re8 34. c4+ Ka6 35. a4 Re2+ 36. Kc3 Rg3# 0-1

[Event "Junior Online 4NCL Division 5"]
[Site "online"]
[Date "2021.02.18"]
[EventDate "2021.02.18"]
[Round "3.296"]
[White "Sareen, Rohan"]
[WhiteElo "1024"]
[WhiteTeam "Warwickshire Bears H"]
[Black "Choung, James Alexander"]
[BlackElo "900"]
[BlackTeam "Young Dragons D"]
[Result "1-0"]
[PlyCount "115"]

1. e3 e5 2. e4 Nf6 3. Nc3 Nc6 4. Nf3 d5 5. exd5 Nxd5 6. Nxd5 Qxd5 7. b3 Qe4+ 8. Qe2 Qxe2+ 9. Bxe2 e4 10. Bb5 Bd7 11. Ne5 Nxe5 12. Bxd7+ Nxd7 13. O-O O-O-O 14. d3 exd3 15. cxd3 Ne5 16. Rd1 Nxd3 17. Bg5 Rd7 18. Rac1 Nxc1 19. Rxc1 f6 20. Be3 Bb4 21. h3 Bd2 22. Bxd2 Rxd2 23. a4 Rb2 24. b4 Rxb4 25. a5 Ra4 26. Re1 Rxa5 27. Re7 Ra1+ 28. Kh2 Rd8 29. Rxg7 Rd3 30. Rxh7 Ra2 31. f3 Rxf3 32. h4 Rff2 33. h5 Rxg2+ 34. Kh3 Ra4 35. Kxg2 f5 36. Rh8+ Kd7 37. Kf3 Rf4+ 38. Kxf4 a5 39. Ra8 b5 40. Rxa5 b4 41. Rb5 Kc6 42. Rxb4 Kc5 43. Rb7 c6 44. Rc7 Kb6 45. Rf7 c5 46. Rxf5 Kb5 47. h6 Kb4 48. Ke3 c4 49. Kd2 Kb3 50. h7 c3+ 51. Kc1 c2 52. Rf3+ Ka2 53. Rf2 Kb3 54. Rxc2 Ka3 55. h8=Q Kb4 56. Qb2+ Ka4 57. Rc8 Ka5 58. Ra8# 1-0

[Event "Junior Online 4NCL Division 5"]
[Site "online"]
[Date "2021.02.18"]
[EventDate "2021.02.18"]
[Round "3.297"]
[White "Dafydd, Cai"]
[WhiteElo "900"]
[WhiteTeam "Young Dragons D"]
[Black "Khashu, Rohan"]
[BlackElo "950"]
[BlackTeam "Warwickshire Bears H"]
[Result "0-1"]
[PlyCount "48"]

1. e4 e5 2. Nf3 Nc6 3. Nc3 Bc5 4. Nd5 Nf6 5. Bc4 Nxe4 6. O-O O-O 7. d3 Nf6 8. Ng5 h6 9. Ne4 Nxe4 10. dxe4 Qh4 11. Bb5 Qxe4 12. Bxc6 dxc6 13. Nxc7 Rb8 14. Re1 Qg6 15. Nd5 Bh3 16. g3 cxd5 17. Qxd5 Bb6 18. Rd1 Qf6 19. Be3 Bxe3 20. fxe3 Qb6 21. Qxe5 Rbe8 22. Qf4 Qxb2 23. Rab1 Qxc2 24. Rdc1 Qg2# 0-1

[Event "Junior Online 4NCL Division 5"]
[Site "online"]
[Date "2021.02.18"]
[EventDate "2021.02.18"]
[Round "3.298"]
[White "Madoc, Gaspard"]
[WhiteElo "993"]
[WhiteTeam "Warwickshire Bears H"]
[Black "Caesar, Amelie"]
[BlackElo "653"]
[BlackTeam "Young Dragons D"]
[Result "0-1"]
[PlyCount "24"]

1. e4 e5 2. Bc4 Nc6 3. Nc3 Nf6 4. Nf3 d6 5. O-O Be7 6. d3 O-O 7. Bg5 Bg4 8. h3 Bd7 9. Nd5 Nxd5 10. Bxd5 Bxg5 11. Nxg5 Qxg5 12. Qe2 Nd4 0-1

[Event "Junior Online 4NCL Division 5"]
[Site "online"]
[Date "2021.02.18"]
[EventDate "2021.02.18"]
[Round "3.302"]
[White "Turner, Rufus"]
[WhiteElo "695"]
[WhiteTeam "Manchester Juniors G"]
[Black "Parikh, Aadhya"]
[BlackElo "1000"]
[BlackTeam "Harrow Juniors H"]
[Result "1-0"]
[PlyCount "51"]

1. e4 e5 2. Bc4 Nf6 3. Nf3 Nxe4 4. O-O Nd6 5. Bd5 Nf5 6. Nxe5 Nc6 7. Bc4 Nxe5 8. Bd5 d6 9. c3 Be6 10. Be4 Ne7 11. Bc2 g6 12. Ba4+ c6 13. b4 Bh6 14. b5 O-O 15. Na3 Qa5 16. d4 Qb6 17. Bxh6 Rfb8 18. dxe5 dxe5 19. Qc1 Qc5 20. Qb2 Qd5 21. c4 Qe4 22. Nc2 Bxc4 23. Rae1 Qf5 24. Rxe5 Qg4 25. Rxe7 Bd5 26. Qg7# 1-0

[Event "Junior Online 4NCL Division 5"]
[Site "online"]
[Date "2021.02.18"]
[EventDate "2021.02.18"]
[Round "3.306"]
[White "Parikh, Aadhya"]
[WhiteElo "1000"]
[WhiteTeam "Harrow Juniors H"]
[Black "Turner, Rufus"]
[BlackElo "695"]
[BlackTeam "Manchester Juniors G"]
[Result "0-1"]
[PlyCount "76"]

1. e4 e5 2. Nf3 Bc5 3. Nxe5 Nf6 4. Nc3 O-O 5. Nd3 b6 6. Be2 Ba6 7. Ne5 Bxe2 8. Kxe2 Nc6 9. Nxc6 dxc6 10. d3 Nh5 11. g4 Nf4+ 12. Bxf4 a5 13. h4 b5 14. Bg5 b4 15. Bxd8 Raxd8 16. Na4 Ba7 17. Rh3 g6 18. h5 gxh5 19. Rxh5 Rd6 20. Rh1 Rf6 21. Rh2 h5 22. Rg2 hxg4 23. Qh1 Rb8 24. Qh4 Rd6 25. Rh2 Kf8 26. Rg2 Ke8 27. Nc3 bxc3 28. bxc3 Rb2 29. Re1 Rxc2+ 30. Kf1 Rxd3 31. Kg1 Rdxc3 32. Rxg4 Rxf2 33. Kh1 Rcc2 34. Rg8+ Kd7 35. Qh3+ Kd6 36. Qg3+ Kc5 37. Rg5+ Kb4 38. Qd3 Rh2# 0-1

[Event "Junior Online 4NCL Division 5"]
[Site "online"]
[Date "2021.02.18"]
[EventDate "2021.02.18"]
[Round "3.311"]
[White "Devarakonda, Aryan"]
[WhiteElo "1135"]
[WhiteTeam "Manchester Juniors E"]
[Black "Pandian, Naren"]
[BlackElo "970"]
[BlackTeam "Uxbridge Juniors Eagles"]
[Result "0-1"]
[PlyCount "35"]

1. e4 e5 2. Nf3 Nc6 3. Bc4 Bc5 4. O-O Nf6 5. Ng5 O-O 6. d3 d6 7. Nxf7 Rxf7 8. Bxf7+ Kxf7 9. Nd2 Bg4 10. Nf3 Bxf3 11. Qxf3 Nd4 12. Qg3 Kf8 13. c3 Ne2+ 14. Kh1 Nxg3+ 15. Kg1 Nxf1 16. Kxf1 Ng4 17. h3 Nh2+ 18. Kg1 0-1

[Event "Junior Online 4NCL Division 5"]
[Site "online"]
[Date "2021.02.18"]
[EventDate "2021.02.18"]
[Round "3.312"]
[White "Jones, Theo"]
[WhiteElo "985"]
[WhiteTeam "Uxbridge Juniors Eagles"]
[Black "Elisseev-Siuda, Ivan"]
[BlackElo "1099"]
[BlackTeam "Manchester Juniors E"]
[Result "0-1"]
[PlyCount "38"]

1. Nc3 e5 2. Nf3 Nc6 3. e3 d5 4. Be2 e4 5. O-O Bb4 6. Nxd5 Qxd5 7. c4 Qd8 8. Qa4 exf3 9. gxf3 Nf6 10. d3 O-O 11. Bd2 Bxd2 12. Rad1 Bb4 13. f4 Bh3 14. f3 Bxf1 15. Kxf1 Qd7 16. d4 Qh3+ 17. Kf2 Qxh2+ 18. Kf1 Nh5 19. e4 Ng3# 0-1

[Event "Junior Online 4NCL Division 5"]
[Site "online"]
[Date "2021.02.18"]
[EventDate "2021.02.18"]
[Round "3.313"]
[White "Topping, Rachel"]
[WhiteElo "1097"]
[WhiteTeam "Manchester Juniors E"]
[Black "Motorwala, Muhammad"]
[BlackElo "978"]
[BlackTeam "Uxbridge Juniors Eagles"]
[Result "1-0"]
[PlyCount "29"]

1. e4 e5 2. Nf3 Bc5 3. Nxe5 Qe7 4. d4 Bb4+ 5. c3 Ba5 6. Bc4 Nh6 7. Bxh6 gxh6 8. Qf3 Rf8 9. O-O b5 10. Bxb5 c6 11. Bc4 f6 12. Qh5+ Kd8 13. Nf7+ Ke8 14. Nd6+ Kd8 15. Qxa5# 1-0

[Event "Junior Online 4NCL Division 5"]
[Site "online"]
[Date "2021.02.18"]
[EventDate "2021.02.18"]
[Round "3.314"]
[White "Ravikumar, Kavin"]
[WhiteElo "700"]
[WhiteTeam "Uxbridge Juniors Eagles"]
[Black "Sheehy, Lewis"]
[BlackElo "1076"]
[BlackTeam "Manchester Juniors E"]
[Result "0-1"]
[PlyCount "104"]

1. e4 Nf6 2. Nc3 g6 3. e5 Nh5 4. Bc4 Bg7 5. Nf3 Nc6 6. d4 d6 7. exd6 cxd6 8. Ng5 e6 9. Qf3 f5 10. Bxe6 Nxd4 11. Qd3 Nxe6 12. Nxe6 Bxe6 13. O-O O-O 14. Nb5 d5 15. Qe3 Re8 16. Nxa7 Qa5 17. Bd2 Qxa7 18. Qh3 Qd4 19. Be3 Qg4 20. Rfe1 Qxh3 21. gxh3 f4 22. Bd2 Bxh3 23. Rxe8+ Rxe8 24. Re1 Rxe1+ 25. Bxe1 Bxb2 26. a4 Bd7 27. a5 Bf5 28. Bb4 Bxc2 29. f3 d4 30. Kf1 Bd1 31. Ke1 Bxf3 32. Kf2 Bd5 33. h4 Bc3 34. Bc5 Bxa5 35. Bxd4 b5 36. Ke2 b4 37. Kd3 b3 38. Ke2 Ng3+ 39. Kd3 f3 40. Ke3 Nf5+ 41. Kf2 Nxd4 42. Ke3 Nf5+ 43. Kf4 Nxh4 44. Kg3 b2 45. Kxh4 b1=Q 46. Kg5 Qf5+ 47. Kh4 Bd8+ 48. Kg3 f2 49. Kh2 f1=Q 50. Kg3 Q1f3+ 51. Kh2 Bc7+ 52. Kg1 Q3g4# 0-1

[Event "Junior Online 4NCL Division 5"]
[Site "online"]
[Date "2021.02.18"]
[EventDate "2021.02.18"]
[Round "3.315"]
[White "Pandian, Naren"]
[WhiteElo "970"]
[WhiteTeam "Uxbridge Juniors Eagles"]
[Black "Devarakonda, Aryan"]
[BlackElo "1135"]
[BlackTeam "Manchester Juniors E"]
[Result "0-1"]
[PlyCount "116"]

1. e4 e5 2. Nc3 Nf6 3. Nh3 Nc6 4. Ng1 Bc5 5. Nf3 Ng4 6. d4 exd4 7. Nxd4 Bxd4 8. Qxg4 O-O 9. Bc4 d6 10. Qf4 Qe7 11. Nd5 Qe6 12. O-O Qg6 13. Nxc7 Bh3 14. g3 Bxf1 15. Kxf1 Rac8 16. Nd5 Ne5 17. Ne7+ Kh8 18. Nxg6+ fxg6 19. Qg4 Nxg4 20. Be6 Rxf2+ 21. Ke1 Rcf8 22. Bxg4 Rf1+ 23. Kd2 R8f2+ 24. Kd3 Bb6 25. Be2 Re1 26. Bd2 Rxa1 27. Be3 Bxe3 28. Kxe3 Rff1 29. Bd3 Rae1+ 30. Kd2 Rf2+ 31. Kxe1 Rxh2 32. c4 h5 33. e5 dxe5 34. Kf1 Rxb2 35. Bxg6 a6 36. c5 a5 37. Be4 b6 38. cxb6 Rxb6 39. Bg6 Rb2 40. Bxh5 Rxa2 41. Bd1 Rb2 42. Ke1 e4 43. g4 a4 44. Bxa4 e3 45. Bd1 Kh7 46. g5 Kg6 47. Be2 Rb1+ 48. Bd1 Rb2 49. Be2 Kxg5 50. Bd1 Kf4 51. Be2 Kg3 52. Bd1 g5 53. Be2 Kh3 54. Bd1 g4 55. Bxg4+ Kxg4 56. Kd1 Rh2 57. Ke1 Kf3 58. Kf1 Rh1# 0-1

[Event "Junior Online 4NCL Division 5"]
[Site "online"]
[Date "2021.02.18"]
[EventDate "2021.02.18"]
[Round "3.316"]
[White "Elisseev-Siuda, Ivan"]
[WhiteElo "1099"]
[WhiteTeam "Manchester Juniors E"]
[Black "Jones, Theo"]
[BlackElo "985"]
[BlackTeam "Uxbridge Juniors Eagles"]
[Result "1-0"]
[PlyCount "33"]

1. e4 Nc6 2. d4 Nf6 3. Nc3 d6 4. d5 Ne5 5. Bg5 Nxe4 6. Nxe4 Bd7 7. Qd2 Ng4 8. O-O-O h6 9. Bh4 Ne5 10. Nf3 Nxf3 11. gxf3 c6 12. dxc6 Bxc6 13. Bc4 d5 14. Bxd5 e6 15. Bxc6+ bxc6 16. Qxd8+ Rxd8 17. Rxd8# 1-0

[Event "Junior Online 4NCL Division 5"]
[Site "online"]
[Date "2021.02.18"]
[EventDate "2021.02.18"]
[Round "3.317"]
[White "Motorwala, Muhammad"]
[WhiteElo "978"]
[WhiteTeam "Uxbridge Juniors Eagles"]
[Black "Topping, Rachel"]
[BlackElo "1097"]
[BlackTeam "Manchester Juniors E"]
[Result "0-1"]
[PlyCount "32"]

1. e4 e5 2. Bc4 Nf6 3. Nf3 Nxe4 4. Qe2 d5 5. Bb3 Nc6 6. Ng5 Nxg5 7. Nc3 Be6 8. Nxd5 Bxd5 9. Bxd5 Qxd5 10. c4 Qxg2 11. Qf1 Qe4+ 12. Qe2 Qxh1+ 13. Qf1 Nf3+ 14. Ke2 Ncd4+ 15. Ke3 Qxf1 16. b3 Qe2# 0-1

[Event "Junior Online 4NCL Division 5"]
[Site "online"]
[Date "2021.02.18"]
[EventDate "2021.02.18"]
[Round "3.318"]
[White "Sheehy, Lewis"]
[WhiteElo "1076"]
[WhiteTeam "Manchester Juniors E"]
[Black "Ravikumar, Kavin"]
[BlackElo "700"]
[BlackTeam "Uxbridge Juniors Eagles"]
[Result "1-0"]
[PlyCount "49"]

1. e4 e5 2. Nc3 Bc5 3. f4 exf4 4. d4 Bd6 5. e5 Bb4 6. Bxf4 f6 7. Qd3 fxe5 8. Bxe5 Qh4+ 9. g3 Qe7 10. O-O-O Qg5+ 11. Kb1 d6 12. Bf4 Qf6 13. Bg2 g5 14. Bd2 Qf2 15. Qe2+ Qxe2 16. Ngxe2 Nf6 17. Bxg5 O-O 18. a3 Ba5 19. Rdf1 Ne4 20. Rxf8+ Kxf8 21. Bxe4 Bg4 22. Bxb7 Bxe2 23. Nxe2 Nc6 24. Bxa8 Nxd4 25. Nxd4 1-0

[Event "Junior Online 4NCL Division 5"]
[Site "online"]
[Date "2021.02.18"]
[EventDate "2021.02.18"]
[Round "3.322"]
[White "Patel, Shailen"]
[WhiteElo "977"]
[WhiteTeam "Harrow Juniors G"]
[Black "Degun, Rubind"]
[BlackElo "883"]
[BlackTeam "Uxbridge Juniors Dynamos"]
[Result "1-0"]
[PlyCount "95"]

1. e4 e5 2. Nf3 Nc6 3. Bc4 Nh6 4. O-O Bb4 5. a3 Bc5 6. b4 Bd6 7. Nc3 O-O 8. d3 b5 9. Nxb5 a6 10. Nxd6 cxd6 11. Bxh6 gxh6 12. Qd2 Qg5 13. Qxg5+ hxg5 14. Nxg5 d5 15. exd5 Nd4 16. c3 Nc2 17. Rac1 Nxa3 18. Ra1 Nc2 19. Ra2 Nd4 20. cxd4 d6 21. dxe5 Bf5 22. exd6 Rad8 23. Re1 Bxd3 24. Bxd3 Rxd6 25. Bxa6 Rxd5 26. b5 Rxg5 27. g3 Rg6 28. Rb2 Rg5 29. b6 Rb8 30. f4 Rg6 31. Kg2 Rgxb6 32. Rxb6 Rxb6 33. Re8+ Kg7 34. Bd3 Rb3 35. Be4 Rb2+ 36. Kf3 Rb3+ 37. Kg4 Rb4 38. h4 Ra4 39. h5 Ra5 40. f5 Ra6 41. Kg5 Ra7 42. g4 Ra6 43. h6+ Rxh6 44. Rc8 Rd6 45. Rc6 Rd1 46. f6+ Kg8 47. Rc8+ Rd8 48. Rxd8# 1-0

[Event "Junior Online 4NCL Division 5"]
[Site "online"]
[Date "2021.02.18"]
[EventDate "2021.02.18"]
[Round "3.323"]
[White "Zyakhor, Cornelius"]
[WhiteElo "818"]
[WhiteTeam "Uxbridge Juniors Dynamos"]
[Black "Patel, Ryan"]
[BlackElo "892"]
[BlackTeam "Harrow Juniors G"]
[Result "0-1"]
[PlyCount "58"]

1. e4 e5 2. Bc4 Nf6 3. Nc3 c6 4. Nf3 d5 5. exd5 cxd5 6. Bb5+ Nc6 7. Nxe5 Qe7 8. Qf3 a6 9. Bxc6+ bxc6 10. Qe3 c5 11. Nc6 Qxe3+ 12. dxe3 Bd7 13. Na5 Bd6 14. Nb7 Bc7 15. Nxc5 Bc6 16. O-O O-O 17. Rd1 Rad8 18. Nxa6 Bb6 19. e4 Ng4 20. Bg5 f6 21. Bf4 Nxf2 22. exd5 Nxd1+ 23. Kf1 Nxc3 24. bxc3 Rxd5 25. Re1 Rf5 26. Re7 Rxf4+ 27. Ke2 Re8 28. Rxe8+ Bxe8 29. Nc7 Bxc7 0-1

[Event "Junior Online 4NCL Division 5"]
[Site "online"]
[Date "2021.02.18"]
[EventDate "2021.02.18"]
[Round "3.324"]
[White "Patel, Anay"]
[WhiteElo "835"]
[WhiteTeam "Harrow Juniors G"]
[Black "Chopra, Nipun"]
[BlackElo "737"]
[BlackTeam "Uxbridge Juniors Dynamos"]
[Result "0-1"]
[PlyCount "32"]

1. e4 e5 2. Nf3 Bc5 3. Bc4 a6 4. O-O Nf6 5. d3 O-O 6. Nxe5 b6 7. Nf3 Nc6 8. Bb3 Ne7 9. Bf4 Nf5 10. Ng5 Nh4 11. Bd5 d6 12. Bxa8 Qd7 13. Bd5 Qg4 14. g3 h6 15. Nf3 Qh3 16. Re1 Qg2# 0-1

[Event "Junior Online 4NCL Division 5"]
[Site "online"]
[Date "2021.02.18"]
[EventDate "2021.02.18"]
[Round "3.326"]
[White "Degun, Rubind"]
[WhiteElo "883"]
[WhiteTeam "Uxbridge Juniors Dynamos"]
[Black "Patel, Shailen"]
[BlackElo "977"]
[BlackTeam "Harrow Juniors G"]
[Result "1/2-1/2"]
[PlyCount "114"]

1. e4 c5 2. Bc4 Nc6 3. Qf3 e6 4. Qxf7+ Kxf7 5. Nf3 Ke8 6. Nc3 Nf6 7. d4 cxd4 8. Bg5 Be7 9. O-O h6 10. Bh4 g5 11. Bg3 Qc7 12. h4 gxh4 13. Bxc7 d5 14. Nxh4 dxc4 15. Nb5 Nxe4 16. f3 Nd2 17. Rf2 c3 18. bxc3 dxc3 19. Raf1 Bc5 20. Ng6 Rg8 21. Nh4 Nxf3+ 22. Nxf3 Bxf2+ 23. Rxf2 a6 24. Nd6+ Kd7 25. Nf7 Kxc7 26. Nxh6 Rg6 27. Nf7 Rf6 28. N3g5 Rxf2 29. Kxf2 e5 30. Ne6+ Bxe6 31. Nxe5 Nxe5 32. g3 Rf8+ 33. Kg2 Bxa2 34. g4 Nxg4 35. Kh3 Bb1 36. Kxg4 Bxc2 37. Kg5 Bb3 38. Kg6 c2 39. Kg7 Re8 40. Kf6 c1=Q 41. Kf5 Qf4+ 42. Kxf4 a5 43. Kf3 a4 44. Kf2 Rd8 45. Ke2 a3 46. Ke1 Rd4 47. Ke2 Rc4 48. Kd3 a2 49. Kd2 a1=Q 50. Kd3 Re4 51. Kxe4 Bd5+ 52. Kxd5 b5 53. Kc5 Qe5+ 54. Kb4 Kb6 55. Ka3 Qc5+ 56. Kb3 b4 57. Ka4 Qc3 1/2-1/2

[Event "Junior Online 4NCL Division 5"]
[Site "online"]
[Date "2021.02.18"]
[EventDate "2021.02.18"]
[Round "3.327"]
[White "Patel, Ryan"]
[WhiteElo "892"]
[WhiteTeam "Harrow Juniors G"]
[Black "Zyakhor, Cornelius"]
[BlackElo "818"]
[BlackTeam "Uxbridge Juniors Dynamos"]
[Result "0-1"]
[PlyCount "57"]

1. e4 e5 2. f4 Bd6 3. Nf3 Nc6 4. Nc3 Nf6 5. Bc4 O-O 6. a3 Ng4 7. O-O Bc5+ 8. d4 exd4 9. h3 Ne3 10. Bxe3 dxe3 11. b4 e2+ 12. Kh1 exd1=Q 13. Raxd1 Be7 14. Bd3 Bf6 15. e5 Be7 16. Ng5 Bxg5 17. fxg5 Nxe5 18. Be4 Qxg5 19. Rf5 Qg3 20. Rd3 Qe1+ 21. Kh2 d6 22. Rf4 Qc1 23. Rh4 g5 24. Bxh7+ Kh8 25. Bf5+ Kg8 26. Rh7 Qf4+ 27. g3 Qxf5 28. Rh5 Nxd3 29. g4 0-1

[Event "Junior Online 4NCL Division 5"]
[Site "online"]
[Date "2021.02.18"]
[EventDate "2021.02.18"]
[Round "3.331"]
[White "Kovalev, Rostislav"]
[WhiteElo "800"]
[WhiteTeam "Brentwood School C"]
[Black "Bradshaw, Sam"]
[BlackElo "902"]
[BlackTeam "JHJ Shark Tank 9"]
[Result "1-0"]
[PlyCount "135"]

1. e4 e5 2. Nf3 Bc5 3. Nc3 Nc6 4. Bc4 Nf6 5. Ng5 d6 6. Nxf7 Bxf2+ 7. Kxf2 Ng4+ 8. Kf1 Qf6+ 9. Qf3 Qxf3+ 10. gxf3 Rf8 11. fxg4 Na5 12. Bd5 c6 13. Bb3 Nxb3 14. axb3 Rxf7+ 15. Ke2 Bxg4+ 16. Ke1 Bf3 17. Rf1 g5 18. d3 Bg2 19. Rxf7 Kxf7 20. Bxg5 Rf8 21. Kd2 Kg6 22. Be3 Rd8 23. Ne2 Bf3 24. Rg1+ Kf6 25. Bg5+ Ke6 26. d4 Rg8 27. dxe5 dxe5 28. Be3 Rd8+ 29. Ke1 Bxe2 30. Kxe2 h5 31. Rg6+ Kf7 32. Rh6 a5 33. Rxh5 Re8 34. Bb6 Kf6 35. Bxa5 Kg6 36. Rh3 Kg5 37. Rg3+ Kf4 38. Bd2+ Kxe4 39. Re3+ Kd4 40. c3+ Kd5 41. c4+ Kc5 42. Bc3 Kd6 43. Bxe5+ Kd7 44. b4 b5 45. cxb5 cxb5 46. h4 Rc8 47. h5 Rc4 48. h6 Rh4 49. Bf4 Rh5 50. Re5 Rh4 51. Rxb5 Rxf4 52. Rg5 Rh4 53. Rg7+ Ke6 54. h7 Kf6 55. Ra7 Kg6 56. Ke3 Rxh7 57. Rxh7 Kxh7 58. b5 Kg7 59. b6 Kf7 60. b7 Ke7 61. b8=Q Kd7 62. Qb6 Kc8 63. Qa7 Kd8 64. Ke4 Kc8 65. Ke5 Kd8 66. Ke6 Kc8 67. Kd6 Kd8 68. Qd7# 1-0

[Event "Junior Online 4NCL Division 5"]
[Site "online"]
[Date "2021.02.18"]
[EventDate "2021.02.18"]
[Round "3.332"]
[White "Bradshaw, Cleo"]
[WhiteElo "974"]
[WhiteTeam "JHJ Shark Tank 9"]
[Black "Faleye, Reuel"]
[BlackElo "850"]
[BlackTeam "Brentwood School C"]
[Result "0-1"]
[PlyCount "124"]

1. e4 e5 2. Nf3 Nc6 3. Bc4 d6 4. h3 Be6 5. Bxe6 fxe6 6. d3 Nf6 7. Bg5 Be7 8. Nc3 Nd4 9. Nxd4 exd4 10. Ne2 e5 11. Qd2 Qd7 12. Ng3 O-O-O 13. Nf5 Rhg8 14. Nxe7+ Qxe7 15. Bxf6 Qxf6 16. O-O-O Rdf8 17. Rhf1 Qd8 18. f4 exf4 19. Rxf4 Rxf4 20. Qxf4 Rf8 21. Qg4+ Qd7 22. Qxd7+ Kxd7 23. Kb1 Kc8 24. a3 Kb8 25. g4 Rf3 26. c3 dxc3 27. bxc3 Rxh3 28. Rf1 a6 29. Rf7 g6 30. Rf8+ Ka7 31. Rf7 h5 32. gxh5 gxh5 33. Rxc7 Rxd3 34. Rh7 Rh3 35. Rd7 h4 36. Rxd6 Re3 37. Rh6 h3 38. Kc2 Rg3 39. Kd2 Kb8 40. Ke2 Rxc3 41. Kf2 Rxa3 42. Kg1 a5 43. Kh2 a4 44. e5 Re3 45. e6 a3 46. e7 a2 47. e8=Q+ Rxe8 48. Rxh3 a1=Q 49. Kg3 Re4 50. Kf3 Qd4 51. Rh8+ Qxh8 52. Kxe4 b5 53. Kd3 Qb2 54. Ke4 b4 55. Ke3 b3 56. Kd3 Qb1+ 57. Kc3 b2 58. Kb3 Qa1 59. Kc2 b1=Q+ 60. Kd2 Qa3 61. Ke2 Qbb2+ 62. Kf1 Qaa1# 0-1

[Event "Junior Online 4NCL Division 5"]
[Site "online"]
[Date "2021.02.18"]
[EventDate "2021.02.18"]
[Round "3.333"]
[White "Wagner, Jacob"]
[WhiteElo "750"]
[WhiteTeam "Brentwood School C"]
[Black "Broachi, Zain"]
[BlackElo "894"]
[BlackTeam "JHJ Shark Tank 9"]
[Result "0-1"]
[PlyCount "38"]

1. e4 e5 2. Qf3 Nc6 3. Bc4 Nf6 4. Nh3 Nd4 5. Qc3 Bc5 6. Ng5 Nxe4 7. Nxe4 O-O 8. Nxc5 d5 9. Bb3 Nxb3 10. Nxb3 c6 11. Qxe5 Re8 12. Qxe8+ Qxe8+ 13. Kd1 Bg4+ 14. f3 Bd7 15. Nc5 Qe7 16. Nxd7 Qxd7 17. d4 Re8 18. g4 Qe7 19. Re1 Qxe1# 0-1

[Event "Junior Online 4NCL Division 5"]
[Site "online"]
[Date "2021.02.18"]
[EventDate "2021.02.18"]
[Round "3.335"]
[White "Bradshaw, Sam"]
[WhiteElo "902"]
[WhiteTeam "JHJ Shark Tank 9"]
[Black "Kovalev, Rostislav"]
[BlackElo "800"]
[BlackTeam "Brentwood School C"]
[Result "0-1"]
[PlyCount "70"]

1. e4 e5 2. Bc4 Nc6 3. Nf3 h6 4. Nc3 Nf6 5. d3 Bc5 6. Be3 Bxe3 7. fxe3 d6 8. h3 Qe7 9. Bd5 Bd7 10. Qe2 O-O 11. O-O-O Qe8 12. g3 Be6 13. h4 Bxd5 14. exd5 Ne7 15. Ng5 hxg5 16. hxg5 Nfxd5 17. Qh5 f6 18. Nxd5 Qxh5 19. Rxh5 Nxd5 20. g6 Rfe8 21. e4 Nb6 22. Rdh1 Kf8 23. Rh8+ Ke7 24. R8h7 Rg8 25. Kd2 Nd7 26. Kc3 Nc5 27. Kc4 Na4 28. b3 Nb6+ 29. Kb5 a6+ 30. Kb4 c5+ 31. Kc3 Ke6 32. b4 cxb4+ 33. Kxb4 d5 34. exd5+ Nxd5+ 35. Kc5 Rac8# 0-1

[Event "Junior Online 4NCL Division 5"]
[Site "online"]
[Date "2021.02.18"]
[EventDate "2021.02.18"]
[Round "3.336"]
[White "Faleye, Reuel"]
[WhiteElo "850"]
[WhiteTeam "Brentwood School C"]
[Black "Bradshaw, Cleo"]
[BlackElo "974"]
[BlackTeam "JHJ Shark Tank 9"]
[Result "0-1"]
[PlyCount "108"]

1. e4 e5 2. Bc4 Nc6 3. Nc3 Nf6 4. Nf3 Bc5 5. d3 h6 6. Be3 Bxe3 7. fxe3 d6 8. Qd2 Bg4 9. O-O-O Bxf3 10. gxf3 Qd7 11. d4 exd4 12. exd4 O-O-O 13. d5 Ne5 14. Rhe1 Nxc4 15. Qd4 Ne5 16. Qxa7 Qe7 17. Qa8+ Kd7 18. Qxb7 Nxf3 19. Re3 Nxh2 20. Nb5 Ke8 21. Nxc7+ Kf8 22. Ne6+ fxe6 23. Qxe7+ Kxe7 24. dxe6 Kxe6 25. e5 dxe5 26. Rxd8 Rxd8 27. Rh3 Nhg4 28. Ra3 Nf2 29. b4 Rd1+ 30. Kb2 Nd5 31. Rb3 h5 32. b5 h4 33. b6 Nxb6 34. Rxb6+ Kf5 35. a4 h3 36. a5 h2 37. Rh6 h1=Q 38. Rxh1 Nxh1 39. a6 Rd5 40. a7 Ra5 41. a8=Q Rxa8 42. c4 Rc8 43. Kc3 g5 44. Kb4 g4 45. c5 g3 46. Kb5 g2 47. c6 g1=Q 48. Ka6 Rxc6+ 49. Kb7 Qb6+ 50. Ka8 Qa6+ 51. Kb8 Qc8+ 52. Ka7 Rc7+ 53. Kb6 Qb8+ 54. Ka6 Ra7# 0-1